000 00365nam a2200169Ia 4500
001 11235
005 20250626030848.0
008 211022s9999 xx 000 0 und d
082 _a759.1 SHA
100 _aShafiq, Muhammad
245 0 _aMuhammad Shafiq
260 _alahore
260 _bHamail Art Galleries
260 _c2003
300 _a
942 _cARCH
999 _c13150
_d13150